01280nam a2200205 a 4500008004100000020001500041041000800056100002200064245006400086250001100150260003300161300001100194500014500205653006700350653017000417653025100587653015900838653005600997700002101053180307s2001 a ||||frt||| 000 0 spa d a9509650013 aspa1 aGramática, Luis 3aEl consentimiento informado en medicina /cLuis Gramática a1a ed. aBuenos Aries:bSigma;c2001. a175 p. aGramática, L. y Vezzaro, D. (2001). El consentimiento informado en medicina. (1a ed.). Buenos Aires : Asociación Argentina de Cirugía. aConsentimiento informado. Concepto. Consideraciones generales. aForma y contenido del consentimiento informado. Como informar. Que informar. Cuando informar. Quien debe informar. Como debe instrumentarse. Donde se debe informar.  aSituaciones excepcionales. La urgencia médica. Las operaciones mutilantes y transplante de órganos. El deber de información en la cirugía estética. Casos de esterilización, cambio de sexo y aborto. El caso de los Testigos de Jehová. aContracara del consentimiento informado. La negativa a consentir. La posterior revocación del consentimiento prestado. El deber de informar al paciente. aModelos de consentimiento informado en cirugía. 1 aVezzaro, Darío